Quizz Football - Culture Générale - Statistiques

Statistiques générales
  • Ce quiz a été pris 466 fois
  • Le résultat moyen est 6 sur 20
Statistiques - réponses
Hint Réponse % Correct
Quel joueur est le seul à avoir été meilleur buteur en Premier League, Bundesliga et Serie A ? Cristiano Ronaldo
79%
Quel joueur détient le record du plus grand nombre de buts en sélection européenne ? Cristiano Ronaldo
79%
Quel pays africain est le seul à avoir atteint les demi-finales d’une Coupe du monde ? Maroc
62%
Quel pays a disputé trois finales de Coupe du monde sans jamais en gagner une seule ? Pays-Bas
61%
Quel pays a produit le plus de Ballons d’Or au total (pas forcément gagnés par le même joueur) ? Pays-Bas
61%
Quel club italien a été relégué pour des raisons judiciaires en 2006 ? Juventus
60%
Quel club est le seul de Premier League à avoir été invaincu sur une saison complète ? Arsenal
48%
Quel club a remporté la première édition de la Ligue des Champions sous son format moderne (1992–1993) ? Olympique de Marseille
32%
Quel pays a remporté l’Euro alors qu’il n’était pas qualifié au départ ? Danemark
23%
Quel pays a disputé la première Coupe du monde (1930) sans être européen mais en jouant… en Europe ? Brésil
21%
Quel pays est le seul à avoir remporté la Coupe d’Asie et la Coupe d’Océanie dans son histoire ? Australie
17%
Quel gardien détient le record du plus grand nombre de clean sheets en Ligue des Champions ? Iker Casillas
16%
Quel club africain détient le plus de titres en Ligue des Champions CAF ? Al Ahly
4%
Quel joueur a marqué le but le plus rapide de l’histoire de la Coupe du monde (11 secondes) ? Hakan Şükür
4%
Quel club a été le premier à réussir un triplé championnat + coupe + C1 ? Celtic Glasgow
2%
Quel joueur a disputé cinq finales de Ligue des Champions consécutives ? Paolo Maldini
2%
Quel club a joué une finale de C1 à domicile et l’a perdue ? AS Roma
1%
Quel entraîneur a remporté la Ligue des Champions avec deux clubs différents tout en étant capitaine d’un autre vainqueur dans sa carrière ? Frank Rijkaard
0%
Quel club est le plus titré dans l’histoire de la Copa Libertadores ? Independiente
0%
Quel joueur est le seul à avoir joué pour Real Madrid, Atletico Madrid, FC Barcelone et l’Inter ? Santiago Solari
0%
Aucun quiz correspondant
Distribution des résultats
% des personnes avec chaque résultat
Percentile par nombre de réponses
Votre historique - résultats
Vous n’avez pas pris ce quiz